000 00382cam a2200157ua 4500
003 OSt
008 241226b |||||||| |||| 00| 0 eng d
020 _a81-85046-66-2
041 _aeng
082 _a551.49
_bCAS/AG
245 _aAgriculture and ground water quality /
250 _a1 /
260 _aJodhpur :
_bScientific Publishers ,
_c1987.
300 _a62 ; .
942 _cBK
999 _c9352
_d9352